Análisis y operación de sistemas de energía eléctrica

محفوظ في:
التفاصيل البيبلوغرافية
المؤلف الرئيسي: Gómez Expósito, Antonio (مؤلف)
التنسيق: كتاب
اللغة:الإسبانية
منشور في: Madrid McGraw-Hill 2002
الموضوعات:
الوسوم: إضافة وسم
لا توجد وسوم, كن أول من يضع وسما على هذه التسجيلة!

MARC

LEADER 00000nam a2200000 a 4500
001 UCM6468
003 CL-VaPUC
008 021108e20020000SP |||||||||||||||||spa|d
020 |a 944813592X 
082 0 4 |a 621.3191  |b GOM  |2 21 
100 |a Gómez Expósito, Antonio  |e author  |9 501750 
245 1 0 |a Análisis y operación de sistemas de energía eléctrica 
300 |a 769 p 
942 |c BK 
945 |d 20021108 00:00:00  |a cmena 
260 |a Madrid  |b McGraw-Hill  |c 2002 
650 0 |a Sistemas de energía eléctrica  |9 462427 
650 0 |a Transmisión de energía eléctrica  |9 263497 
650 0 |a Programación matemática   |9 260785 
583 |a last modification  |c 20021108 00:00:00  |k Rodrigo Vera 
999 |c 301867  |d 301865 
952 |0 0  |1 0  |2 ddc  |4 0  |6 621_319100000000000_GOM_2002  |7 0  |8 A  |9 361583  |a BIBING  |b BIBING  |c RES  |d 2019-11-21  |i 3857212  |o 621.3191 GOM 2002  |p 3857212  |r 2025-01-20  |w 2019-11-21  |y BK  |k EIE 
952 |0 0  |1 0  |2 ddc  |4 0  |6 621_319100000000000_GOM_2002  |7 0  |8 A  |9 361584  |a BIBING  |b BIBING  |c RES  |d 2019-11-21  |i 3857220  |o 621.3191 GOM 2002  |p 3857220  |r 2025-01-20  |w 2019-11-21  |y BK  |k EIE 
952 |0 0  |1 0  |2 ddc  |4 0  |6 621_319100000000000_GOM_2002  |7 0  |8 A  |9 361585  |a BIBING  |b BIBING  |c RES  |d 2019-11-21  |i 3857239  |o 621.3191 GOM 2002  |p 3857239  |r 2025-01-20  |w 2019-11-21  |y BK  |k EIE 
952 |0 0  |1 0  |2 ddc  |4 0  |6 621_319100000000000_GOM_2002  |7 0  |8 A  |9 361586  |a BIBING  |b BIBING  |c RES  |d 2019-11-21  |i 3857247  |o 621.3191 GOM 2002  |p 3857247  |r 2025-01-20  |w 2019-11-21  |y BK  |k EIE 
952 |0 0  |1 0  |2 ddc  |4 0  |6 621_319100000000000_GOM_2002  |7 0  |8 A  |9 361587  |a BIBING  |b BIBING  |c RES  |d 2019-11-21  |i 3857255  |o 621.3191 GOM 2002  |p 3857255  |r 2025-01-20  |w 2019-11-21  |y BK  |k EIE 
952 |0 0  |1 0  |2 ddc  |4 0  |6 621_319100000000000_GOM_2002  |7 0  |8 A  |9 361588  |a BIBING  |b BIBING  |c RES  |d 2019-11-21  |i 3857263  |o 621.3191 GOM 2002  |p 3857263  |r 2025-01-20  |w 2019-11-21  |y BK  |k EIE 
952 |0 0  |1 0  |2 ddc  |4 0  |6 621_319100000000000_GOM_2002  |7 0  |8 A  |9 361589  |a BIBING  |b BIBING  |c RES  |d 2019-11-21  |i 3857271  |o 621.3191 GOM 2002  |p 3857271  |r 2025-01-20  |w 2019-11-21  |y BK  |k EIE 
952 |0 0  |1 0  |2 ddc  |4 0  |6 621_319100000000000_GOM_2002  |7 0  |8 A  |9 361590  |a BIBING  |b BIBING  |c RES  |d 2019-11-21  |i 385728K  |o 621.3191 GOM 2002  |p 385728K  |r 2025-01-20  |w 2019-11-21  |y BK  |k EIE 
952 |0 0  |1 0  |2 ddc  |4 0  |6 621_319100000000000_GOM_2002  |7 0  |8 A  |9 361591  |a BIBING  |b BIBING  |c RES  |d 2019-11-21  |i 3857298  |o 621.3191 GOM 2002  |p 3857298  |r 2025-01-20  |w 2019-11-21  |y BK  |k EIE 
952 |0 0  |1 0  |2 ddc  |4 0  |6 621_319100000000000_GOM_2002  |7 0  |8 A  |9 361592  |a BIBING  |b BIBING  |c RES  |d 2019-11-21  |i 3857301  |o 621.3191 GOM 2002  |p 3857301  |r 2025-01-20  |w 2019-11-21  |y BK  |k EIE 
952 |0 0  |1 0  |2 ddc  |4 0  |6 621_319100000000000_GOM_2002  |7 0  |8 A  |9 361593  |a BIBING  |b BIBING  |c RES  |d 2019-11-21  |i 3952657  |o 621.3191 GOM 2002  |p 3952657  |r 2025-01-20  |w 2019-11-21  |y BK  |k EIE 
952 |0 0  |1 0  |2 ddc  |4 0  |6 621_319100000000000_GOM_2002  |7 0  |8 A  |9 361594  |a BIBING  |b BIBING  |c RES  |d 2019-11-21  |i 4148142  |o 621.3191 GOM 2002  |p 4148142  |r 2025-01-20  |w 2019-11-21  |y BK  |k EIE